Racialización : (Record no. 212593)
[ view plain ]
| 000 -CABECERA | |
|---|---|
| campo de control de longitud fija | 00931zálea2200253 Jo4500lena‡959085 |
| 003 - IDENTIFICADOR DEL NÚMERO DE CONTROL | |
| campo de control | MX-MxUPN |
| 005 - FECHA Y HORA DE LA ÚLTIMA TRANSACCIÓN | |
| campo de control | 20260319064226.0 |
| 008 - ELEMENTOS DE LONGITUD FIJA--INFORMACIÓN GENERAL | |
| campo de control de longitud fija | 250212t2023 mx|ao|||r|||| 000 0 spa d |
| 020 ## - NÚMERO INTERNACIONAL NORMALIZADO PARA LIBROS | |
| Número Internacional Estándar del Libro | 9786078817276 |
| 040 ## - FUENTE DE LA CATALOGACIÓN | |
| Centro catalogador/agencia de origen | MX-MxUPN |
| Lengua de catalogación | spa |
| Centro/agencia transcriptor | MX-MxUPN |
| 041 0# - CÓDIGO DE IDIOMA | |
| Código de lengua del texto/banda sonora o título independiente | spa |
| 050 14 - SIGNATURA TOPOGRÁFICA DE LA BIBLIOTECA DEL CONGRESO | |
| Número de clasificación | F2299 B55 |
| Número de documento/Ítem | G66 2023 |
| 100 1# - ASIENTO PRINCIPAL--NOMBRE PERSONAL | |
| Nombre de persona | González-Güeto, Joy Helena |
| 9 (RLIN) | 59085 |
| 245 10 - MENCIÓN DE TÍTULO | |
| Título | Racialización : |
| Resto del título | sentidos, sensaciones y emociones en barrios populares |
| 250 ## - MENCIÓN DE EDICIÓN | |
| Mención de edición | Primera edición. |
| 260 ## - PUBLICACIÓN, DISTRIBUCIÓN, ETC. | |
| Lugar de publicación, distribución, etc. | Ciudad de México ; |
| Nombre del editor, distribuidor, etc. | Facultad Latinoamericana de Ciencias Sociales, |
| Fecha de publicación, distribución, etc. | ©2023. |
| 300 ## - DESCRIPCIÓN FÍSICA | |
| Extensión | 345 páginas : |
| Otras características físicas | ilustraciones, fotografías |
| 586 ## - NOTA DE PREMIOS | |
| Nota de premios | Premio FLACSO México 2022 a las mejores tesis de Maestría y Doctorado. |
| 650 #4 - ASIENTO SECUNDARIO DE MATERIA - TERMINO TEMATICO | |
| Término de materia o nombre geográfico como elemento de entrada | Discriminación racial |
| Subdivisión geográfica | Colombia |
| 9 (RLIN) | 59084 |
| 650 #4 - ASIENTO SECUNDARIO DE MATERIA - TERMINO TEMATICO | |
| Término de materia o nombre geográfico como elemento de entrada | Discriminación racial |
| Subdivisión geográfica | España |
| 9 (RLIN) | 15092 |
| 902 ## - ELEMENTOS DE DATOS B LOCAL, LDB (RLIN) | |
| Creó | Badillo Daniela 12/02/25 |
| Modificó | Víctor Ruiz/180326 |
| 942 ## - ELEMENTOS DE PUNTO DE ACCESO ADICIONAL (KOHA) | |
| Fuente del sistema de clasificación o colocación | Library of Congress Classification |
| Tipo de ítem Koha | Libro |
| Suprimir en OPAC | No |
| Estado de retiro | Estado de pérdida | Fuente del sistema de clasificación o colocación | Estado dañado | No para préstamo | Código de colección | Localización permanente | Ubicación/localización actual | Ubicación en estantería | Fecha de adquisición | Total de préstamos | Clasificación | Código de barras | Fecha visto por última vez | Precio válido a partir de | Tipo de ítem Koha |
|---|---|---|---|---|---|---|---|---|---|---|---|---|---|---|---|
| Library of Congress Classification | Colección General | Bib. Gregorio Torres Quintero | Bib. Gregorio Torres Quintero | Planta baja | 12/02/2025 | F2299 B55 G66 2023 | 340598 | 12/02/2025 | 12/02/2025 | Libro |
